Statistics for Navn på alle T-banestopp i Oslo Quiz

Click here to take the quiz!

General Stats

  • This quiz has been taken 2 067 times
    (2 064 since last reset)
  • The average score is 50 of 101

Answer Stats

Linje(r)Stasjon% Correct
AlleJernbanetorget
95%
AlleMajorstuen
91%
AlleNationaltheatret
89%
AlleStortinget
88%
AlleGrønland
87%
AlleTøyen
83%
2Holmen
78%
4 og 5Storo
75%
5Berg
74%
4 og 5Blindern
74%
1Holmenkollen
74%
5Sognsvann
74%
4 og 5Ullevål stadion
74%
1Frognerseteren
73%
4 og 5Forskningsparken
69%
4 og 5Nydalen
69%
5Carl Berners plass
68%
1 til 4Helsfyr
68%
1 og 4Bergkrystallen
67%
4 og 5Vestli
67%
1 til 4Ensjø
65%
3Mortensrud
65%
3Kolsås
64%
4 og 5Sinsen
64%
4 og 5Grorud
63%
4 og 5Stovner
61%
2Røa
60%
2Østerås
58%
2Ellingsrudåsen
57%
2 og 3Smestad
57%
1 og 4Manglerud
56%
1Ris
56%
2 og 3Borgen
54%
1 til 4Brynseng
54%
5Kringsjå
54%
4 og 5Økern
54%
5Hasle
53%
1 og 4Lambertseter
53%
3Montebello
53%
5Tåsen
53%
1Frøen
51%
4Løren
51%
4 og 5Linderud
50%
2Tveita
50%
4 og 5Ammerud
49%
4 og 5Romsås
49%
3Bøler
48%
1Vinderen
48%
3Jar
47%
2Makrellbekken
47%
3Ullernåsen
47%
2Furuset
46%
2 og 3Hellerud
46%
1 og 4Ryen
46%
3Hauger
45%
3Oppsal
45%
4 og 5Rødtvet
45%
4 og 5Veitvet
45%
1Voksenkollen
45%
3Bekkestua
44%
3Skullerud
44%
1Slemdal
43%
4 og 5Rommen
41%
4 og 5Kalbakken
40%
4 og 5Risløkka
40%
1Vettakollen
40%
3Avløs
39%
3Bogerud
39%
1 og 4Høyenhall
39%
1Gaustad
38%
2Haugerud
38%
3Skøyenåsen
36%
2Hovseter
35%
2Lindeberg
35%
1Midtstuen
35%
3Ulsrud
35%
1 og 4Karlsrud
34%
1Skogen
34%
2Trosterud
34%
1Besserud
33%
1 og 4Brattlikollen
32%
3Godlia
32%
1 og 4Munkelia
32%
3Haslum
31%
4 og 5Vollebekk
31%
2Eiksmarka
30%
5Holstein
30%
1Lillevann
30%
1Gråkammen
29%
1Voksenlia
29%
3Åsjordet
28%
3Gjønnes
28%
3Ringstabekk
28%
3Gjettum
27%
1Gulleråsen
27%
5Østhorn
27%
3Bjørnsletta
26%
1Steinerud
26%
2Ekraveien
25%
2Lijordet
24%
1Skådalen
23%

Score Distribution

Percentile by Number Answered

Percent of People with Each Score

Your Score History

You have not taken this quiz since the last reset